000 00754nam a2200241Ia 4500
003 OSt
005 20220926005318.0
006 a|||||r|||| 00| 0
007 ta
008 220923b |||||||| |||| 00| 0 eng d
020 _a9788183876780
_c2975
037 _b1317, 31/12/2014, RESEARCH INDIA PRESS
_cGeneral Book
040 _aRTL
_cRTL
_beng
041 _2eng
_aeng
082 _aX:77:(G:55), Q4
100 _aSUNDAR I.
_939237
245 0 _aSustainable development
_b Theory and practice.
260 _a New Delhi
_bSerial Publications
_c2014
300 _axxi,865p.
_ccm.
650 _aGeography
942 _hX:77:(G:55), Q4
_cGB
_2CC
999 _c613471
_d613471